Les 10 noms de famille les plus présents en Suisse - Statistiques

Statistiques générales
  • Ce quiz a été pris 36 fois
  • Le résultat moyen est 2 sur 10
Statistiques - réponses
Classement Réponse % Correct
1 Müller
75%
10 da Silva
31%
3 Schmid
19%
6 Schneider
19%
2 Meier
17%
8 Meyer
17%
5 Weber
8%
4 Keller
6%
7 Huber
3%
9 Steiner
3%
Aucun quiz correspondant
Distribution des résultats
% des personnes avec chaque résultat
Percentile par nombre de réponses
Votre historique - résultats
Vous n’avez pas pris ce quiz